Illustrissimo ac sublimi virtute, optimaque eruditione, ornatissimo viro Gulielmo Shirley ... : theses hasce ... Collegio-Harvardino ... Habita in comitiis academicis Cantabrigiæ, Nov-Anglorum, quinto nonarum quintilis, M,DCC,LI.

Bibliographic Details
Corporate Author: Harvard College (1636-1780)
Format: eBook
Language:Latin
Series:Early American imprints. Evans (1639-1800) ; no. 6691.
Subjects:
Online Access:Evans Digital Edition

MARC

Tag First Indicator Second Indicator Subfields
LEADER 00000cam a2200000 a 4500
001 in00002159595
006 m e d #
007 cr mn mmmmabba
008 820128s1751 mau s 000 0 lat d
005 20260331164011.8
035 |z w010938 
035 |a MAAR8201284402B 
035 |9 mwa91-6199 
035 |a 319558 
035 |a aas03010938 
040 |a MWA  |c MWA  |e bdrb  |d UtOrBLW 
110 2 |a Harvard College (1636-1780) 
245 1 0 |a Illustrissimo ac sublimi virtute, optimaque eruditione, ornatissimo viro Gulielmo Shirley ... :  |b theses hasce ... Collegio-Harvardino ... Habita in comitiis academicis Cantabrigiæ, Nov-Anglorum, quinto nonarum quintilis, M,DCC,LI. 
264 3 |a [Boston] :  |b [Printed by John Draper],  |c [1751] 
300 |a 1 sheet (1 unnumbered page) ;  |c 53 x 40 cm. 
336 |a text  |b txt  |2 rdacontent 
337 |a computer  |b c  |2 rdamedia 
338 |a online resource  |b cr  |2 rdacarrier 
500 |a John Draper, of Boston, was printer for Harvard College in 1751. 
500 |a Text in two columns; printed area measures 49.3 x 35.8 cm. 
510 4 |a Evans  |c 6691 
510 4 |a Ford, W.C. Broadsides,  |c 935 
530 |a Microform version available in the Readex Early American Imprints series. 
533 |a Electronic text and image data.  |b [Chester, Vt. :  |c Readex, a division of Newsbank, Inc.,  |d 2002-2004.  |e Includes files in TIFF, GIF and PDF formats with inclusion of keyword searchable text.  |f (Early American imprints. First series ; no. 6691). 
500 |a Electronic resource. 
610 2 0 |a Harvard College (1636-1780)  |v Dissertations. 
655 7 |a Broadsides.  |2 rbgenr 
655 7 |a Academic dissertations.  |2 rbgenr 
752 |a United States  |b Massachusetts  |d Boston. 
830 0 |a Early American imprints.  |n Series I,  |p Evans (1639-1800) ;  |v no. 6691. 
856 4 1 |u http://proxy.library.tamu.edu/login?url=https://opac.newsbank.com/select/evans/6691  |y Evans Digital Edition  |t 0 
999 |a MARS 
999 f f |s d4d45467-d66e-309e-af67-d993b3cf0db6  |i bef7e075-9fe2-31c7-968a-1778208ccc46  |t 0 
952 f f |a Texas A&M University  |b College Station  |c Electronic Resources  |s www_evans  |d Available Online  |t 0  |h No information provided 
998 f f |t 0  |l Available Online